[Event "DEM U14 2024"]
[Site "Willingen GER"]
[Date "2024.05.23"]
[Round "7"]
[White "Mandalka, Justus"]
[Black "Mohylnyi, Stepan"]
[Result "0-1"]
[Termination "normal"]
[Board "7"]
[WhiteElo "1837"]
[BlackElo "2140"]
[WhiteClock "00:11:51"]
[BlackClock "00:20:07"]
[PlyCount "100"]
[WhiteFideId "16298144"]
[BlackFideId "34127836"]
[EventCountry "GER"]
[EventRounds "9"]
[EventType "swiss"]
[EventDate "2024.05.18"]

1. e4 {[%clk 01:30:58]} {[%emt 00:00:02]} c5 {[%clk 01:30:53]} {[%emt
00:00:14]} 2. Nf3 {[%clk 01:31:24]} {[%emt 00:00:09]} e6 {[%clk 01:31:20]}
{[%emt 00:00:03]} 3. b3 {[%clk 01:31:47]} {[%emt 00:00:14]} d5 {[%clk
01:27:54]} {[%emt 00:03:38]} 4. exd5 {[%clk 01:31:35]} {[%emt 00:00:42]} exd5
{[%clk 01:28:20]} {[%emt 00:00:04]} 5. Bb2 {[%clk 01:29:54]} {[%emt 00:02:10]}
Nf6 {[%clk 01:21:52]} {[%emt 00:06:58]} 6. Bb5+ {[%clk 01:26:45]} {[%emt
00:03:40]} Nc6 {[%clk 01:11:57]} {[%emt 00:10:25]} 7. O-O {[%clk 01:26:45]}
{[%emt 00:00:29]} Be7 {[%clk 01:12:20]} {[%emt 00:00:07]} 8. Ne5 {[%clk
01:24:54]} {[%emt 00:02:22]} Qc7 {[%clk 01:12:08]} {[%emt 00:00:42]} 9. Re1
{[%clk 01:24:18]} {[%emt 00:01:05]} Be6 {[%clk 01:12:11]} {[%emt 00:00:27]} 10.
d4 {[%clk 01:21:09]} {[%emt 00:03:39]} O-O {[%clk 01:10:58]} {[%emt 00:01:43]}
11. Bxc6 {[%clk 01:17:31]} {[%emt 00:04:09]} bxc6 {[%clk 01:11:14]} {[%emt
00:00:13]} 12. dxc5 {[%clk 01:17:38]} {[%emt 00:00:24]} Bxc5 {[%clk 01:11:15]}
{[%emt 00:00:29]} 13. Nd2 {[%clk 01:17:44]} {[%emt 00:00:24]} Bd6 {[%clk
01:03:50]} {[%emt 00:07:55]} 14. h3 {[%clk 01:06:19]} {[%emt 00:11:55]} Bf5
{[%clk 01:00:27]} {[%emt 00:03:53]} 15. c4 {[%clk 00:58:15]} {[%emt 00:08:34]}
Rfe8 {[%clk 00:45:39]} {[%emt 00:15:17]} 16. Ndf3 {[%clk 00:45:47]} {[%emt
00:12:58]} Be4 {[%clk 00:41:02]} {[%emt 00:05:06]} 17. cxd5 {[%clk 00:40:00]}
{[%emt 00:06:18]} Bxd5 {[%clk 00:39:26]} {[%emt 00:02:06]} 18. Qd4 {[%clk
00:33:00]} {[%emt 00:07:30]} Rad8 {[%clk 00:35:36]} {[%emt 00:04:20]} 19. Ng4
{[%clk 00:28:26]} {[%emt 00:05:04]} Be7 {[%clk 00:30:13]} {[%emt 00:05:51]} 20.
Qc3 {[%clk 00:23:53]} {[%emt 00:05:04]} h5 {[%clk 00:26:23]} {[%emt 00:04:21]}
21. Nge5 {[%clk 00:20:51]} {[%emt 00:03:32]} a5 {[%clk 00:16:37]} {[%emt
00:10:16]} 22. Qc2 {[%clk 00:19:20]} {[%emt 00:02:00]} Bb4 {[%clk 00:15:07]}
{[%emt 00:02:00]} 23. Re2 {[%clk 00:16:53]} {[%emt 00:02:58]} Re7 {[%clk
00:13:17]} {[%emt 00:02:20]} 24. a3 {[%clk 00:15:47]} {[%emt 00:01:36]} Bd6
{[%clk 00:13:35]} {[%emt 00:00:12]} 25. Rae1 {[%clk 00:15:57]} {[%emt
00:00:19]} Rde8 {[%clk 00:12:33]} {[%emt 00:01:32]} 26. Qd3 {[%clk 00:14:58]}
{[%emt 00:01:29]} Qb8 {[%clk 00:12:20]} {[%emt 00:00:44]} 27. Nc4 {[%clk
00:12:40]} {[%emt 00:02:47]} Bxc4 {[%clk 00:05:15]} {[%emt 00:07:37]} 28. Qxc4
{[%clk 00:12:56]} {[%emt 00:00:13]} Rxe2 {[%clk 00:05:39]} {[%emt 00:00:06]}
29. Rxe2 {[%clk 00:13:21]} {[%emt 00:00:04]} Rxe2 {[%emt 00:00:04]} 30. Qxe2
{[%clk 00:13:40]} {[%emt 00:00:08]} Qxb3 {[%clk 00:06:21]} {[%emt 00:00:18]}
31. Nd4 {[%clk 00:08:54]} {[%emt 00:05:16]} Qa2 {[%clk 00:06:22]} {[%emt
00:00:28]} 32. Qc2 {[%clk 00:07:58]} {[%emt 00:01:27]} Bxa3 {[%clk 00:05:17]}
{[%emt 00:01:35]} 33. Bxa3 {[%clk 00:08:20]} {[%emt 00:00:08]} Qxa3 {[%clk
00:05:46]} 34. Nxc6 {[%clk 00:08:30]} {[%emt 00:00:19]} a4 {[%clk 00:06:09]}
{[%emt 00:00:07]} 35. Kh2 {[%clk 00:06:18]} {[%emt 00:02:42]} Qb3 {[%clk
00:05:00]} {[%emt 00:01:38]} 36. Ne7+ {[%clk 00:03:56]} {[%emt 00:02:53]} Kf8
{[%clk 00:04:28]} {[%emt 00:01:02]} 37. Qc5 {[%clk 00:03:33]} {[%emt 00:00:53]}
Qe6 {[%clk 00:02:48]} {[%emt 00:02:10]} 38. Nf5+ {[%clk 00:02:33]} {[%emt
00:01:30]} Kg8 {[%clk 00:03:12]} {[%emt 00:00:07]} 39. Ne3 {[%clk 00:02:01]}
{[%emt 00:01:01]} Ne4 {[%clk 00:02:45]} {[%emt 00:00:57]} 40. Qc2 {[%clk
00:01:11]} {[%emt 00:01:20]} Qe5+ {[%clk 00:00:33]} {[%emt 00:02:43]} 41. Kg1
{[%clk 00:29:30]} {[%emt 00:02:10]} a3 {[%clk 00:29:13]} {[%emt 00:01:51]} 42.
Qc8+ {[%clk 00:24:22]} {[%emt 00:05:38]} Kh7 {[%clk 00:29:23]} {[%emt
00:00:20]} 43. Nc2 {[%clk 00:24:11]} {[%emt 00:00:41]} a2 {[%clk 00:28:51]}
{[%emt 00:01:01]} 44. Qa8 {[%clk 00:24:19]} {[%emt 00:00:21]} Nc3 {[%clk
00:26:28]} {[%emt 00:02:53]} 45. Qa3 {[%clk 00:20:36]} {[%emt 00:04:14]} h4
{[%clk 00:24:44]} {[%emt 00:02:15]} 46. Kh1 {[%clk 00:19:18]} {[%emt 00:01:47]}
Qc7 {[%clk 00:22:12]} {[%emt 00:03:02]} 47. Qb4 {[%clk 00:15:00]} {[%emt
00:04:49]} Kg8 {[%clk 00:21:46]} {[%emt 00:00:55]} 48. Qa3 {[%clk 00:14:18]}
{[%emt 00:01:13]} Qc4 {[%clk 00:21:49]} {[%emt 00:00:27]} 49. Kh2 {[%clk
00:12:51]} {[%emt 00:01:57]} Qf4+ {[%clk 00:20:49]} {[%emt 00:01:30]} 50. Kh1
{[%clk 00:11:51]} {[%emt 00:01:29]} Qd2 {[%clk 00:20:07]} {[%emt 00:01:13]} 0-1

[Event "DEM U14 2024"]
[Site "Willingen GER"]
[Date "2024.05.23"]
[Round "7"]
[White "Vranckx, Oscar"]
[Black "Malinowsky, Levi"]
[Result "1-0"]
[Termination "normal"]
[Board "8"]
[BlackTitle "CM"]
[WhiteElo "1870"]
[BlackElo "1990"]
[WhiteClock "01:08:26"]
[BlackClock "00:23:27"]
[PlyCount "85"]
[WhiteFideId "34608788"]
[BlackFideId "16253094"]
[EventCountry "GER"]
[EventRounds "9"]
[EventType "swiss"]
[EventDate "2024.05.18"]

1. e4 {[%clk 01:30:57]} {[%emt 00:00:04]} c5 {[%clk 01:30:56]} {[%emt
00:00:11]} 2. Nf3 {[%clk 01:31:21]} {[%emt 00:00:09]} d6 {[%clk 01:31:22]}
{[%emt 00:00:06]} 3. d4 {[%clk 01:31:45]} {[%emt 00:00:10]} cxd4 {[%clk
01:31:50]} {[%emt 00:00:04]} 4. Nxd4 {[%clk 01:32:03]} {[%emt 00:00:08]} Nf6
{[%clk 01:32:15]} {[%emt 00:00:06]} 5. Nc3 {[%clk 01:32:26]} {[%emt 00:00:07]}
a6 {[%clk 01:32:43]} {[%emt 00:00:02]} 6. f3 {[%clk 01:32:39]} {[%emt
00:00:16]} e5 {[%clk 01:32:34]} {[%emt 00:00:20]} 7. Nb3 {[%clk 01:33:02]}
{[%emt 00:00:08]} Be6 {[%clk 01:32:33]} {[%emt 00:00:30]} 8. Be3 {[%clk
01:33:25]} {[%emt 00:00:08]} h5 {[%clk 01:32:29]} {[%emt 00:00:33]} 9. Qd2
{[%clk 01:33:33]} {[%emt 00:00:23]} Nbd7 {[%clk 01:31:34]} {[%emt 00:01:25]}
10. Nd5 {[%clk 01:33:54]} {[%emt 00:00:10]} Bxd5 {[%clk 01:31:05]} {[%emt
00:00:58]} 11. exd5 {[%clk 01:34:12]} {[%emt 00:00:11]} g6 {[%clk 01:30:37]}
{[%emt 00:00:59]} 12. O-O-O {[%clk 01:34:33]} {[%emt 00:00:09]} Bg7 {[%clk
01:27:35]} {[%emt 00:03:32]} 13. Kb1 {[%clk 01:34:29]} {[%emt 00:00:34]} a5
{[%clk 01:24:21]} {[%emt 00:03:44]} 14. a4 {[%clk 01:33:33]} {[%emt 00:01:25]}
O-O {[%clk 01:22:06]} {[%emt 00:02:45]} 15. Qf2 {[%clk 01:31:13]} {[%emt
00:02:50]} b6 {[%clk 01:13:08]} {[%emt 00:09:28]} 16. Bb5 {[%clk 01:29:28]}
{[%emt 00:02:15]} Nc5 {[%clk 01:12:46]} {[%emt 00:00:52]} 17. Nxc5 {[%clk
01:24:53]} {[%emt 00:05:06]} bxc5 {[%clk 01:12:57]} {[%emt 00:00:18]} 18. h4
{[%clk 01:23:11]} {[%emt 00:02:12]} Ra7 {[%clk 01:06:36]} {[%emt 00:06:51]} 19.
Bg5 {[%clk 01:23:01]} {[%emt 00:00:41]} Qc8 {[%clk 01:01:54]} {[%emt 00:05:11]}
20. Bxf6 {[%clk 01:18:11]} {[%emt 00:05:20]} Bxf6 {[%clk 01:01:04]} {[%emt
00:01:20]} 21. g4 {[%clk 01:17:58]} {[%emt 00:00:43]} Kh8 {[%clk 00:46:48]}
{[%emt 00:14:45]} 22. Rdg1 {[%clk 01:17:01]} {[%emt 00:01:27]} Rg8 {[%clk
00:43:12]} {[%emt 00:04:05]} 23. Qe3 {[%clk 01:15:12]} {[%emt 00:02:21]} Kh7
{[%clk 00:32:08]} {[%emt 00:11:33]} 24. gxh5 {[%clk 01:14:24]} {[%emt
00:01:19]} Qf5 {[%clk 00:29:05]} {[%emt 00:03:34]} 25. hxg6+ {[%clk 01:11:30]}
{[%emt 00:03:21]} fxg6 {[%clk 00:26:25]} {[%emt 00:03:12]} 26. h5 {[%clk
01:11:17]} {[%emt 00:00:43]} Kg7 {[%clk 00:25:04]} {[%emt 00:01:51]} 27. Rxg6+
{[%clk 01:09:33]} {[%emt 00:02:13]} Kf7 {[%clk 00:25:12]} {[%emt 00:00:22]} 28.
Rhg1 {[%clk 01:07:36]} {[%emt 00:02:27]} Raa8 {[%clk 00:24:40]} {[%emt
00:01:02]} 29. Bd3 {[%clk 01:07:14]} {[%emt 00:00:52]} Qf4 {[%clk 00:24:06]}
{[%emt 00:01:04]} 30. Qxf4 {[%clk 01:07:25]} {[%emt 00:00:19]} exf4 {[%clk
00:24:30]} {[%emt 00:00:06]} 31. Bf5 {[%clk 01:07:48]} {[%emt 00:00:07]} Rxg6
{[%clk 00:23:46]} {[%emt 00:01:14]} 32. Rxg6 {[%clk 01:06:37]} {[%emt
00:01:42]} Rh8 {[%clk 00:23:54]} {[%emt 00:00:22]} 33. Be6+ {[%clk 01:06:57]}
{[%emt 00:00:10]} Ke7 {[%clk 00:24:12]} {[%emt 00:00:11]} 34. h6 {[%clk
01:07:19]} {[%emt 00:00:08]} Rh7 {[%clk 00:23:16]} {[%emt 00:01:26]} 35. Bg8
{[%clk 01:07:29]} {[%emt 00:00:21]} Rh8 {[%clk 00:23:25]} {[%emt 00:00:21]} 36.
h7 {[%clk 01:07:52]} {[%emt 00:00:07]} Be5 {[%clk 00:23:04]} {[%emt 00:00:51]}
37. c3 {[%clk 01:07:43]} {[%emt 00:00:39]} Kd7 {[%clk 00:22:03]} {[%emt
00:01:31]} 38. Kc2 {[%clk 01:07:35]} {[%emt 00:00:38]} Kc7 {[%clk 00:22:22]}
{[%emt 00:00:11]} 39. Kd3 {[%clk 01:07:47]} {[%emt 00:00:17]} Kb6 {[%clk
00:22:43]} {[%emt 00:00:09]} 40. Re6 {[%clk 01:08:01]} {[%emt 00:00:16]} Ka6
{[%clk 00:22:51]} {[%emt 00:00:21]} 41. Ke4 {[%clk 01:08:18]} {[%emt 00:00:14]}
Kb6 {[%clk 00:23:06]} {[%emt 00:00:16]} 42. Rxe5 {[%clk 01:08:06]} {[%emt
00:00:41]} dxe5 {[%clk 00:23:27]} {[%emt 00:00:09]} 43. Kxe5 {[%clk 01:08:26]}
{[%emt 00:00:10]} 1-0

[Event "DEM U14 2024"]
[Site "Willingen GER"]
[Date "2024.05.23"]
[Round "7"]
[White "Schwitkowski, Luka"]
[Black "Herrmann, Arthur"]
[Result "0-1"]
[Termination "normal"]
[Board "9"]
[WhiteElo "2028"]
[BlackElo "1929"]
[WhiteClock "00:33:00"]
[BlackClock "00:27:22"]
[PlyCount "86"]
[WhiteFideId "34610669"]
[BlackFideId "16287150"]
[EventCountry "GER"]
[EventRounds "9"]
[EventType "swiss"]
[EventDate "2024.05.18"]

1. e4 {[%clk 01:30:49]} {[%emt 00:00:21]} c5 {[%clk 01:30:52]} {[%emt
00:00:19]} 2. Nf3 {[%clk 01:30:43]} {[%emt 00:00:32]} Nc6 {[%clk 01:31:13]}
{[%emt 00:00:12]} 3. Bb5 {[%clk 01:25:38]} {[%emt 00:05:15]} e6 {[%clk
01:30:20]} {[%emt 00:01:24]} 4. Bxc6 {[%clk 01:19:38]} {[%emt 00:06:30]} bxc6
{[%clk 01:28:30]} {[%emt 00:02:20]} 5. O-O {[%clk 01:18:49]} {[%emt 00:01:18]}
d6 {[%clk 01:08:11]} {[%emt 00:20:50]} 6. e5 {[%clk 01:02:42]} {[%emt
00:16:37]} d5 {[%clk 01:06:46]} {[%emt 00:01:54]} 7. Re1 {[%clk 01:02:03]}
{[%emt 00:01:09]} Ne7 {[%clk 01:03:23]} {[%emt 00:03:54]} 8. d3 {[%clk
00:52:29]} {[%emt 00:10:03]} Ng6 {[%clk 01:00:23]} {[%emt 00:03:30]} 9. Nbd2
{[%clk 00:52:15]} {[%emt 00:00:44]} f6 {[%clk 00:52:22]} {[%emt 00:08:31]} 10.
c4 {[%clk 00:41:02]} {[%emt 00:11:43]} fxe5 {[%clk 00:46:38]} {[%emt 00:06:14]}
11. Nxe5 {[%clk 00:23:15]} {[%emt 00:18:16]} Nxe5 {[%clk 00:45:18]} {[%emt
00:01:50]} 12. Rxe5 {[%clk 00:23:40]} {[%emt 00:00:05]} Bd6 {[%clk 00:44:48]}
{[%emt 00:01:00]} 13. Re1 {[%clk 00:20:37]} {[%emt 00:03:31]} O-O {[%clk
00:44:28]} {[%emt 00:00:52]} 14. Nf3 {[%clk 00:18:59]} {[%emt 00:02:08]} h6
{[%clk 00:27:21]} {[%emt 00:17:37]} 15. d4 {[%clk 00:11:51]} {[%emt 00:07:38]}
cxd4 {[%clk 00:26:38]} {[%emt 00:01:13]} 16. Qxd4 {[%clk 00:12:16]} {[%emt
00:00:05]} c5 {[%clk 00:26:06]} {[%emt 00:01:04]} 17. Qd3 {[%clk 00:12:35]}
{[%emt 00:00:10]} Rf6 {[%clk 00:17:59]} {[%emt 00:08:37]} 18. cxd5 {[%clk
00:10:14]} {[%emt 00:02:50]} Bb7 {[%clk 00:17:48]} {[%emt 00:00:42]} 19. Be3
{[%clk 00:05:31]} {[%emt 00:05:13]} exd5 {[%clk 00:15:12]} {[%emt 00:03:06]}
20. Rad1 {[%clk 00:04:44]} {[%emt 00:01:16]} Qf8 {[%clk 00:08:57]} {[%emt
00:06:46]} 21. Qb3 {[%clk 00:02:38]} {[%emt 00:02:35]} Qf7 {[%clk 00:07:21]}
{[%emt 00:02:07]} 22. Qd3 {[%clk 00:02:06]} {[%emt 00:01:02]} d4 {[%clk
00:06:42]} {[%emt 00:01:09]} 23. Nxd4 {[%clk 00:02:25]} {[%emt 00:00:10]} cxd4
{[%clk 00:07:01]} {[%emt 00:00:10]} 24. Bxd4 {[%clk 00:02:52]} {[%emt
00:00:03]} Rg6 {[%clk 00:06:32]} {[%emt 00:00:59]} 25. g3 {[%clk 00:03:16]}
{[%emt 00:00:04]} Qd5 {[%clk 00:05:35]} {[%emt 00:01:29]} 26. f3 {[%clk
00:03:35]} {[%emt 00:00:12]} Qxf3 {[%clk 00:05:45]} {[%emt 00:00:20]} 27. Qxf3
{[%clk 00:03:38]} {[%emt 00:00:26]} Bxf3 {[%clk 00:06:11]} {[%emt 00:00:04]}
28. Rd3 {[%clk 00:04:03]} {[%emt 00:00:05]} Bb7 {[%clk 00:05:30]} {[%emt
00:01:11]} 29. Rb3 {[%clk 00:04:21]} {[%emt 00:00:10]} Bd5 {[%clk 00:05:07]}
{[%emt 00:00:55]} 30. Rd3 {[%clk 00:03:51]} {[%emt 00:01:00]} Bf7 {[%clk
00:04:06]} {[%emt 00:01:31]} 31. Bf2 {[%clk 00:03:36]} {[%emt 00:00:45]} a6
{[%clk 00:03:41]} {[%emt 00:00:56]} 32. a4 {[%clk 00:03:37]} {[%emt 00:00:29]}
Re8 {[%clk 00:02:47]} {[%emt 00:01:23]} 33. Red1 {[%clk 00:03:38]} {[%emt
00:00:29]} Bf8 {[%clk 00:02:31]} {[%emt 00:00:46]} 34. a5 {[%clk 00:03:47]}
{[%emt 00:00:21]} Rge6 {[%clk 00:02:11]} {[%emt 00:00:50]} 35. Rd7 {[%clk
00:03:50]} {[%emt 00:00:27]} R6e7 {[%clk 00:01:54]} {[%emt 00:00:48]} 36. R7d4
{[%clk 00:03:28]} {[%emt 00:00:50]} Bh5 {[%clk 00:01:36]} {[%emt 00:00:49]} 37.
Rc1 {[%clk 00:03:47]} {[%emt 00:00:11]} Re5 {[%clk 00:00:59]} {[%emt 00:01:07]}
38. b4 {[%clk 00:04:09]} {[%emt 00:00:08]} Re4 {[%clk 00:00:42]} {[%emt
00:00:47]} 39. Rxe4 {[%clk 00:04:08]} {[%emt 00:00:31]} Rxe4 {[%clk 00:01:09]}
{[%emt 00:00:03]} 40. Rc8 {[%clk 00:04:18]} {[%emt 00:00:20]} Kf7 {[%clk
00:00:46]} {[%emt 00:00:53]} 41. Ra8 {[%clk 00:04:36]} {[%emt 00:00:12]} Be2
{[%clk 00:29:58]} {[%emt 00:01:18]} 42. Bb6 {[%clk 00:32:55]} {[%emt 00:02:11]}
Bxb4 {[%clk 00:27:22]} {[%emt 00:03:07]} 43. Kf2 {[%clk 00:33:00]} {[%emt
00:00:24]} Bb5 {[%emt 00:01:14]} 0-1

[Event "DEM U14 2024"]
[Site "Willingen GER"]
[Date "2024.05.23"]
[Round "7"]
[White "Derr, Oleg"]
[Black "Albrecht, Neil"]
[Result "0-1"]
[Termination "normal"]
[Board "10"]
[WhiteElo "1946"]
[BlackElo "1938"]
[WhiteClock "00:41:28"]
[BlackClock "00:16:23"]
[PlyCount "118"]
[WhiteFideId "34611517"]
[BlackFideId "34621091"]
[EventCountry "GER"]
[EventRounds "9"]
[EventType "swiss"]
[EventDate "2024.05.18"]

1. e4 {[%clk 01:30:52]} {[%emt 00:00:12]} e5 {[%clk 01:30:54]} {[%emt
00:00:14]} 2. Nf3 {[%clk 01:31:19]} {[%emt 00:00:06]} Nc6 {[%clk 01:31:21]}
{[%emt 00:00:06]} 3. Bb5 {[%clk 01:31:43]} {[%emt 00:00:07]} a6 {[%clk
01:31:46]} {[%emt 00:00:03]} 4. Ba4 {[%clk 01:32:09]} {[%emt 00:00:02]} f5
{[%clk 01:32:10]} {[%emt 00:00:07]} 5. d4 {[%clk 01:31:59]} {[%emt 00:00:32]}
exd4 {[%clk 01:32:29]} {[%emt 00:00:07]} 6. e5 {[%clk 01:31:39]} {[%emt
00:00:43]} b5 {[%clk 01:32:48]} {[%emt 00:00:12]} 7. Bb3 {[%clk 01:31:48]}
{[%emt 00:00:21]} Na5 {[%clk 01:33:02]} {[%emt 00:00:16]} 8. Qxd4 {[%clk
01:26:52]} {[%emt 00:05:25]} Bb7 {[%clk 01:33:13]} {[%emt 00:00:19]} 9. Bd5
{[%clk 01:24:47]} {[%emt 00:02:35]} c6 {[%clk 01:33:10]} {[%emt 00:00:34]} 10.
Bxg8 {[%emt 00:01:03]} Rxg8 {[%clk 01:33:34]} {[%emt 00:00:03]} 11. Bg5 {[%clk
01:23:55]} {[%emt 00:00:50]} Be7 {[%clk 01:13:28]} {[%emt 00:20:37]} 12. Bxe7
{[%clk 01:15:46]} {[%emt 00:08:39]} Qxe7 {[%clk 01:13:29]} {[%emt 00:00:29]}
13. b4 {[%clk 01:15:01]} {[%emt 00:01:15]} c5 {[%clk 01:05:52]} {[%emt
00:08:07]} 14. bxc5 {[%clk 01:10:42]} {[%emt 00:04:49]} Bxf3 {[%clk 01:03:10]}
{[%emt 00:03:12]} 15. gxf3 {[%clk 01:10:54]} {[%emt 00:00:18]} Nc6 {[%clk
01:02:24]} {[%emt 00:01:16]} 16. Qe3 {[%clk 01:09:31]} {[%emt 00:01:52]} Nxe5
{[%clk 00:52:37]} {[%emt 00:10:19]} 17. Nd2 {[%clk 01:09:41]} {[%emt 00:00:19]}
Rc8 {[%clk 00:43:32]} {[%emt 00:09:35]} 18. f4 {[%clk 01:05:28]} {[%emt
00:04:42]} Ng4 {[%clk 00:39:05]} {[%emt 00:04:57]} 19. Qxe7+ {[%clk 01:04:12]}
{[%emt 00:01:47]} Kxe7 {[%clk 00:39:31]} {[%emt 00:00:04]} 20. Nb3 {[%clk
01:04:35]} {[%emt 00:00:07]} Rge8 {[%clk 00:37:59]} {[%emt 00:02:02]} 21. O-O
{[%clk 01:03:54]} {[%emt 00:01:11]} Nf6 {[%clk 00:37:03]} {[%emt 00:01:26]} 22.
Rfe1+ {[%clk 01:02:10]} {[%emt 00:02:14]} Kf7 {[%clk 00:37:08]} {[%emt
00:00:25]} 23. f3 {[%clk 00:57:25]} {[%emt 00:05:15]} Rxe1+ {[%clk 00:35:58]}
{[%emt 00:01:40]} 24. Rxe1 {[%clk 00:57:39]} {[%emt 00:00:15]} g6 {[%clk
00:32:16]} {[%emt 00:04:12]} 25. Ra1 {[%clk 00:52:57]} {[%emt 00:05:13]} Nh5
{[%clk 00:28:51]} {[%emt 00:03:55]} 26. a4 {[%clk 00:51:45]} {[%emt 00:01:42]}
Nxf4 {[%clk 00:27:46]} {[%emt 00:01:35]} 27. axb5 {[%clk 00:52:10]} {[%emt
00:00:05]} axb5 {[%clk 00:28:10]} {[%emt 00:00:07]} 28. Ra7 {[%clk 00:52:29]}
{[%emt 00:00:11]} Ke7 {[%clk 00:27:29]} {[%emt 00:01:11]} 29. Rb7 {[%clk
00:52:35]} {[%emt 00:00:24]} Ne6 {[%clk 00:24:55]} {[%emt 00:03:04]} 30. Rxb5
{[%clk 00:52:53]} {[%emt 00:00:10]} Ra8 {[%clk 00:22:58]} {[%emt 00:02:25]} 31.
Rb7 {[%clk 00:51:34]} {[%emt 00:01:51]} Nd8 {[%clk 00:22:04]} {[%emt 00:01:25]}
32. Rb4 {[%clk 00:47:39]} {[%emt 00:04:25]} Nc6 {[%clk 00:22:02]} {[%emt
00:00:32]} 33. Rc4 {[%clk 00:47:27]} {[%emt 00:00:42]} Ne5 {[%clk 00:21:06]}
{[%emt 00:01:25]} 34. Rc3 {[%clk 00:47:29]} {[%emt 00:00:29]} Ra4 {[%clk
00:20:32]} {[%emt 00:01:03]} 35. Kf2 {[%clk 00:44:35]} {[%emt 00:03:24]} Kf6
{[%clk 00:19:50]} {[%emt 00:01:13]} 36. Nc1 {[%clk 00:35:25]} {[%emt 00:09:40]}
g5 {[%clk 00:17:39]} {[%emt 00:02:41]} 37. Nd3 {[%clk 00:32:32]} {[%emt
00:03:24]} Nc6 {[%clk 00:17:01]} {[%emt 00:01:07]} 38. Rb3 {[%clk 00:30:24]}
{[%emt 00:02:38]} h6 {[%clk 00:15:10]} {[%emt 00:02:21]} 39. Rb7 {[%clk
00:29:17]} {[%emt 00:01:37]} Ke6 {[%clk 00:15:00]} {[%emt 00:00:39]} 40. Rb6
{[%clk 00:29:11]} {[%emt 00:00:37]} Rc4 {[%clk 00:13:28]} {[%emt 00:02:01]} 41.
Rb2 {[%clk 00:27:55]} {[%emt 00:01:46]} Kd5 {[%clk 00:06:58]} {[%emt 00:06:54]}
42. Kg3 {[%clk 00:26:51]} {[%emt 00:01:41]} h5 {[%clk 00:25:40]} {[%emt
00:11:48]} 43. Rb7 {[%clk 00:55:52]} {[%emt 00:01:28]} Ke6 {[%clk 00:25:39]}
{[%emt 00:00:31]} 44. Rb2 {[%clk 00:55:07]} {[%emt 00:01:16]} f4+ {[%clk
00:24:16]} {[%emt 00:01:53]} 45. Kf2 {[%clk 00:51:59]} {[%emt 00:03:38]} Kf5
{[%clk 00:23:21]} {[%emt 00:01:24]} 46. h3 {[%clk 00:51:21]} {[%emt 00:01:09]}
Nd4 {[%clk 00:21:50]} {[%emt 00:01:59]} 47. Rb7 {[%clk 00:42:50]} {[%emt
00:09:03]} Rxc2+ {[%clk 00:21:33]} {[%emt 00:00:47]} 48. Kf1 {[%clk 00:42:54]}
{[%emt 00:00:24]} Rc3 {[%clk 00:19:12]} {[%emt 00:02:51]} 49. Ne1 {[%clk
00:42:07]} {[%emt 00:01:19]} Nxf3 {[%clk 00:16:26]} {[%emt 00:03:16]} 50. Nxf3
{[%clk 00:40:26]} {[%emt 00:02:11]} Rxf3+ {[%clk 00:16:50]} {[%emt 00:00:05]}
51. Kg2 {[%clk 00:40:54]} {[%emt 00:00:03]} Rd3 {[%clk 00:15:37]} {[%emt
00:01:43]} 52. Rb6 {[%clk 00:41:06]} {[%emt 00:00:19]} g4 {[%clk 00:15:11]}
{[%emt 00:00:55]} 53. hxg4+ {[%clk 00:41:18]} {[%emt 00:00:18]} hxg4 {[%clk
00:15:34]} {[%emt 00:00:06]} 54. Rh6 {[%emt 00:00:11]} Rd2+ {[%clk 00:15:43]}
{[%emt 00:00:19]} 55. Kg1 {[%clk 00:42:04]} {[%emt 00:00:05]} f3 {[%clk
00:15:52]} {[%emt 00:00:21]} 56. Kf1 {[%clk 00:41:29]} {[%emt 00:01:06]} g3
{[%clk 00:15:18]} {[%emt 00:01:05]} 57. Ke1 {[%clk 00:40:59]} {[%emt 00:00:58]}
Re2+ {[%clk 00:15:35]} {[%emt 00:00:14]} 58. Kf1 {[%clk 00:41:23]} {[%emt
00:00:06]} g2+ {[%clk 00:15:59]} {[%emt 00:00:05]} 59. Kg1 {[%clk 00:41:28]}
{[%emt 00:00:26]} Re1+ {[%clk 00:16:23]} {[%emt 00:00:05]} 0-1